000 00485nam a22001697a 4500
005 20250416122833.0
008 250416b |||||||| |||| 00| 0 eng d
020 _a9781647286811
041 _aeng
082 _a303.48 CAS
100 _aCasini,Conner
245 _aCyber Security: Challenges And Opportunities
260 _aUSA
_bWillford Press
_c2024
300 _a216;. pages;
650 _aCyberspace; Computer Security; Economic Development; National Security
942 _cBK
999 _c43620
_d43620